Statistics for Biggest Cities in Quebec

Click here to take the quiz!

General Stats

  • This quiz has been taken 373 times
  • The average score is 9 of 25

Answer Stats

PopulationCity% Correct
3,407,963Montreal
100%
696,946Quebec City
91%
236,329Gatineau
70%
126,460Trois-Rivieres
66%
140,628Sherbrooke
65%
66,314Drummondville
45%
106,666Chicoutimi
40%
37,664Rimouski
40%
47,735Shawinigan
33%
65,825Saint-Jerome
31%
41,701Victoriaville
31%
60,281Granby
30%
23,827Val D'or
29%
23,740Rouyn-Noranda
26%
83,053Saint-Jean-sur-Richelieu
26%
48,576Saint-Hyacinthe
25%
26,016Alma
22%
42,883Joliette
20%
23,326Sept-Iles
20%
36,969Sorel
18%
25,703Saint-Georges
14%
39,391Salaberry-de-Valleyfield
11%
70,812Chateauguay
9%
50,796Beloeil
6%
23,589Buckingham
2%

Score Distribution

Percentile by Number Answered

Percent of People with Each Score

Your Score History

You have not taken this quiz